00413nam a2200121Ia 4500008004100000024003000041082001600071100004800087245007200135260002500207600002100232650003800253250506s9999 xx 000 0 und d a02A-BS-40 & 01B-BS-28 a657.072 MUH aMuhammad Hammad Ahsan & Shoaib Ullah Danish 0aProduction and Shipment Management System Over Centralized Database aKarachi:bUIT,c2002 aComputer Science aBachelor of Computer Science (BS)